Music techniques in therapy, counseling and special education /
שמור ב:
| מחבר ראשי: | |
|---|---|
| פורמט: | ספר |
| שפה: | אנגלית |
| יצא לאור: |
St. Louise :
MMB,
c1991.
|
| נושאים: | |
| תגים: |
אין תגיות, היה/י הראשונ/ה לתייג את הרשומה!
|
MARC
| LEADER | 00000cam a22000002a 4500 | ||
|---|---|---|---|
| 001 | 0000012071 | ||
| 003 | DAYSTAR | ||
| 005 | 20171002014737.0 | ||
| 008 | 030703s1991 xx 001 0 eng d | ||
| 020 | |a 091881264x | ||
| 040 | |a Daystar |d BNjogu | ||
| 050 | 0 | 0 | |a ML 3920 |b .S746 |
| 100 | 1 | |a Standley, Jayne. | |
| 245 | 1 | 0 | |a Music techniques in therapy, counseling and special education / |c Jayne Standley. |
| 260 | |a St. Louise : |b MMB, |c c1991. | ||
| 300 | |a 225 p. | ||
| 650 | 0 | |a Music as recreation. | |
| 650 | 0 | |a Music therapy--Instruction and study. | |
| 650 | 0 | |a Special education--Activity programs. | |
| 908 | |a 060412 | ||
| 942 | |c G | ||
| 952 | |0 1 |1 0 |2 ddc |4 0 |6 ML_3920_000000000000000_S746 |7 0 |9 6473 |a DUN |b DUN |c STORE |d 2017-09-28 |l 1 |m 2 |o ML 3920.S746 |p BK036250 |r 2025-01-29 12:24:33 |s 2024-03-20 |t c. |w 2017-09-28 |x 53461 |y G | ||
| 999 | |c 4237 |d 4237 | ||